000 00354nam a2200133Ia 4500
008 240624s9999 xx 000 0 und d
041 _aeng
082 _a174.4 BAZ
100 _aBAZERMAN H MAX
245 _aBLIND SPOTS WHY WE FAIL TO DO WHAT S RIG
260 _c2011
_aNew Jersey
_bPrinceton University Press
300 _a191p. ;23cm.
365 _c
_b33
999 _c32566
_d32566